000 00729pam a2200253 a 4500
005 20260322212002.0
008 data
010 _a 95013524
020 _a0133032647
020 _a9780133032642
040 _aDLC
_cDLC
_dDLC
050 0 0 _aPN1993.5.A1
_bG54 1996
082 0 0 _a791.43/09
_220
092 _a791.43 G54 1996
100 1 _aGiannetti, Louis D.
245 1 0 _aFlashback :
_ba brief history of film /
_cLouis D. Giannetti & Scott Eyman.
250 _a3rd ed.
260 _aEnglewood Cliffs, N.J. :
_bPrentice Hall,
_cc1996.
300 _axii, 564 p. :
_bill. ;
_c24 cm.
504 _aIncludes bibliographical references and index.
650 0 _aMotion pictures
_xHistory.
700 1 _aEyman, Scott,
_d1951-
001 data
999 _c1
_d1